Việt nam ca trù biên khảo /

Сохранить в:
Библиографические подробности
Главный автор: Đỗ Bằng Đoàn
Другие авторы: Đỗ Trọng Huề
Формат: Sách giấy
Язык:Vietnamese
Опубликовано: TP.HCM : TP.HCM , 1995
Предметы:
Метки: Добавить метку
Нет меток, Требуется 1-ая метка записи!
Thư viện lưu trữ: Thư viện Trường Đại học Đà Lạt
LEADER 00723nam a2200289 4500
001 DLU020012670
005 ##5/26/2000
020 # # |a 978- 
041 # # |a vie 
082 # # |a 398.8  |b DO-D 
090 # # |a 398.8  |b DO-D 
100 # # |a Đỗ Bằng Đoàn 
245 # # |a Việt nam ca trù biên khảo /  |c Đỗ Bằng Đoàn, Đỗ Trọng Huề 
260 # # |a TP.HCM :  |b TP.HCM ,  |c 1995 
300 # # |a 677 tr.;   |c 21 cm. 
650 # # |a Ca trù. 
650 # # |a Thơ Việt Nam  |x Lịch sử và phê bình. 
700 # # |a Đỗ Trọng Huề 
992 # # |a 70000 
994 # # |a DLU 
900 # # |a False 
911 # # |a Administrator 
925 # # |a G 
926 # # |a A 
927 # # |a SH 
980 # # |a Thư viện Trường Đại học Đà Lạt